| 000 | 00654nam a2200217 u 4500 | ||
|---|---|---|---|
| 005 | 20221011063553.0 | ||
| 008 | 130828s2011 mx r 000 0 spa d | ||
| 020 | _a9786077072607 | ||
| 035 | _aUPN01000192507 | ||
| 049 | _aCG | ||
| 050 | 4 |
_aQ335 _bC3.3 |
|
| 100 | 1 |
_aCairó Battistutti, Osvaldo _934274 |
|
| 245 | 1 | 3 |
_aEl hombre artificial : _bel futuro de la tecnología / _cOsvaldo Cairó Battistutti. |
| 260 |
_aMéxico : _bAlfaomega, _c2011. |
||
| 300 |
_a195 p. : _bil., tablas |
||
| 440 | 0 | _aComputación | |
| 650 | 2 |
_aInteligencia artificial _95343 |
|
| 650 | 4 |
_aTECNOLOGIA - _xASPECTOS SOCIALES _917869 |
|
| 905 | _aLibro | ||
| 999 |
_c164609 _d164609 |
||